000 00306nam a2200121 a 4500
005 20141022142009.0
008 120228s19uu xx 00 eng d
050 _aCD-ROM
_bK32 2005
100 _aKemp, Sid
245 _aUltimate guide to project management /
_cSid Kemp.
260 _c2005.
942 _cAVM
999 _c276649
_d276649